Piłkarze z ekstraklasy - Statystyki

Ogólne statystyki
  • Ten quiz został rozwiązany 77 razy
  • Średni wynik to 6 z 10
Statystyki odpowiedzi
Hint Odpowiedź % Poprawnych
Niegrzeczne dzieci dostają to pod choinkę Filip Rózga
91%
Lider klasyfikacji strzelców LKE Afimico Pululu
81%
Tłumaczenie słowa "error" Adrian Błąd
80%
Delikatny mróz Bartosz Mrozek
74%
Zdrobniona nazwa warzywa Bartosz Kapustka
69%
Nazwisko byłego właściciela Chelsea Sławomir Abramowicz
66%
Znana sieć perfumerii Alex Douglas
50%
Z pustego i ... nie naleje ("a" zamiast pierwszego "o") Bartosz Salamon
47%
Nazwisko byłego trenera reprezentacji Polski w piłce nożnej Afonso Sousa
39%
Kojarzy się ze słowem "stypa" Dante Stipica
6%
Nie znaleziono quizów pasujących do podanych kryteriów
Rozkład punktacji
Procent ludzi z każdym wynikiem
Percentyl według liczby udzielonych odpowiedzi
Twoja historia wyników
Nie rozwiązałeś tego quizu